Zaujímavosti zo zahraničia švédske Volvo končí s autami s výhradne spaľovacími motormi

Podrobná bibliografia
Médium: Článok
Jazyk:Slovak
Témy:
Zdroj: 1. Odpady (Minimalizácia, zhodnocovanie a zneškodňovanie) 1. Roč. 17, č. 8 (2017), s. 48 1. 1335-7808
LEADER 01100nab#a2200385#ar4500
001 000123313
003 SVKKK
005 20180622104020.0
008 180622c2017 xo |||||||||||||||b|slo
FMT
015 |a SNBRB2018/06 
038 |a SVKKK 
040 |a SVKKK  |b slo  |e AACR2 
041 0 |a slo 
044 |a xo  |c SK 
080 |a 502/504  |2 2011 
080 |a 629.331  |x (485)  |2 2011 
245 1 0 |a Zaujímavosti zo zahraničia  |b švédske Volvo končí s autami s výhradne spaľovacími motormi  |c Kolektív 
300 |b Obr. 
610 2 4 |a Volvo Group (Švédsko) 
650 0 4 |a ochrana životného prostredia 
650 0 4 |a automobilový priemysel 
650 0 4 |a spaľovacie motory 
650 0 4 |a elektropohon automobilov 
650 0 4 |a ekologické automobily 
651 4 |a Švédsko 
773 0 |t Odpady (Minimalizácia, zhodnocovanie a zneškodňovanie)  |g Roč. 17, č. 8 (2017), s. 48  |x 1335-7808 
958 |a SE 
974 |a Va 
992 |a RBX 
BAS
852 |a SVKKK  |b BIB 
856 4 1 |a http://www.epos.sk/images/stories/ODPADY/Odpady_8-2017web.pdf 
EXP
998 |a GEO